000
00232nam a2200097Ia 4500
005
20251222114354.0
008
251222s1900||||xx |||||||||||||| ||spa||
082
_a
DVD0093/H12
245
0
_a
Hacia una cultura de la calidad
942
_c
DVD
999
_c
1377
_d
1377